| 000 | 00589nam a2200229Ia 4500 | ||
|---|---|---|---|
| 001 | 12187 | ||
| 003 | GE_BSU | ||
| 008 | 181216s||||||||xx |||||||||||||| ||und|| | ||
| 020 | _a9781455706945 | ||
| 040 | _cGE_BSU | ||
| 080 | _a616.07 | ||
| 245 | _aLaboratory Tests and Diagnostic Procedures. | ||
| 245 | _cEdited and Authored Cyntia C.Chernecky,Barbara J.Benger. | ||
| 250 | _aSixth Edition. | ||
| 260 | _aSt.Louis. | ||
| 260 | _bElsevier. | ||
| 260 | _c2013 | ||
| 300 | _a1222p;23cm. | ||
| 541 | _h117ლ. | ||
| 653 | _aLaboratory Tests and Diagnostic Procedures. | ||
| 942 | _cBK | ||
| 999 |
_c45363 _d45363 |
||